National Mall Famous Sites Quiz Stats

 Plays Quiz not verified by Sporcle

Score 0/16 Timer 03:00
0 Plays Today
Hint Answer % Correct
Built to honor the sixteenth president. Designed to look like a Greek Temple. Located at the west end of the mall.Lincoln Memorial
94.4%
Obelisk build to honor the nations first president. Located in the center of the mallWashington Monument
94.4%
House of the president. Located on the northern end of the mallWhite House
88.9%
Largest Museum system in the worldSmithsonian
88.9%
Built to honor the third president. Designed to look like the Pantheon in Rome. Located on the southern end of the mallJefferson Memorial
83.3%
Largest library in the world. Located at the east end of the mallLibrary of Congress
77.8%
House of the legislative branch. Located on the east end of the mallU.S. Capitol Building
72.2%
Wall of names to commemorate a war in southeast AsiaVietnam War Memorial
72.2%
Hint Answer % Correct
Memorial to commemorate a war in East Asia. Many statues made to look like they are coming out of the treesKorean War Memorial
72.2%
House of the judicial branch. Located on the eastern end of the mallSupreme Court Building
61.1%
Memorial to commemorate a war that affected the world. Located directly east of the Reflecting PoolWorld War II Memorial
50%
Large man-made lake on the southern end of the mallTidal Basin
33.3%
Large avenue that runs parrallel to the north of the mallConstitution Avenue
33.3%
Large avenue that runs parallel to the south of the mallIndependence Avenue
33.3%
Quiet gardens located north of the Reflecting PoolConstitution Gardens
16.7%
Large park at the northern end of the mall. Also known as President's ParkThe Ellipse
11.1%

You're not logged in!

Compare scores with friends on all Sporcle quizzes.
OR
Log In

You Might Also Like...

Show Comments

Extras

Created Sep 23, 2012ReportNominate
Tags:Famous Quiz, mall, national, site

Top Quizzes Today


Score Distribution

Your Account Isn't Verified!

In order to create a playlist on Sporcle, you need to verify the email address you used during registration. Go to your Sporcle Settings to finish the process.

Report this User

Report this user for behavior that violates our Community Guidelines.

Details: